Normal view
MARC view
- تكنولوجيا المعلومات-الاردن-مؤتمرات
Entry Topical Term
001 - CONTROL NUMBER
- control field: 45187
003 - CONTROL NUMBER IDENTIFIER
- control field: JO-AjAnu
005 - DATE AND TIME OF LATEST TRANSACTION
- control field: 20230606081457.0
008 - FIXED-LENGTH DATA ELEMENTS
- fixed length control field: 230606|| aca||aabn | a|a d
040 ## - CATALOGING SOURCE
- Original cataloging agency: JO-AjAnu
- Transcribing agency: JO-AjAnu
150 ## - HEADING--TOPICAL TERM
- Topical term or geographic name entry element: تكنولوجيا المعلومات-الاردن-مؤتمرات
670 ## - SOURCE DATA FOUND
- Source citation: Work cat.: (JO-AjAnu)23136: منسق احمد الطعاني؛ مشرف انور البطيخي, author 45186, تكنولوجيا المعلومات:وقائع المؤتمر الرابع للبحث العلمي في الاردن(الاوراق العلمية المحكمة)